000 01083nam0a22002891 4500
001 rc\2163026
005 20250623093728.0
035 _a(NLR Aleph) 006706038
090 _a5293797
_c5293797
100 _a20110829d1978 |||y0rusy50 ca
101 0 _arus
102 _aRU
105 _ac z |||||
200 1 _aПроизведения В.И. Ленина на языках горцев
210 _aМахачкала
_cДаг. кн. изд-во
_d1978
215 _a104 с., 1 л. портр.
_d16
606 _aКлассики марксизма-ленинизма
_xИздание произведений
_xИстория
_2psbo
606 _aМарксизм-ленинизм в Дагестанской АССР
_xИстория
_2psbo
700 1 _aБигаев
_bЮ.К.
_gЮсуф Курбанович
702 1 _aЛенин
_bВ.И.
_f1870-1924
_gВладимир Ильич
_4570
801 0 _aRU
_bNLR
_gpsbo
801 1 _aRU
_bELAR
_2rusmarc
852 _aNLR
_j78-2/3084
899 _aRuMoRGB
_jБ 78-20/788
899 _aRuMoRGB
_jБ 78-20/789
942 _cBOOK
980 _aNB